000 00614nam a2200253Ia 4500
003 OSt
005 20221005132717.0
006 a|||||r|||| 00| 0
007 ta
008 221004b |||||||| |||| 00| 0 tam d
020 _c5.00
024 _a49141
037 _cTextual
040 _aCRL
_cCRL
_btam
041 _2tam
_atam
082 _aO31,1NNEx, M7
100 _aNeelamani Au.
_9641512
245 0 _aUppu nadhigal
260 _c1987
650 _a TAMIL POETRY
650 _aTAMIL LITERATURE
942 _hO31,1NNEx, M7
_cTEXL
_2cc
999 _c1064579
_d1064579